000 00469nmm a2200169Ia 4500
008 251105s9999||||xx |||||||||||||||||und||
020 _a9788484282136
041 _aspa
100 _aCorrea Santana, José Luis
245 0 _aMuerte en abril
264 _a[Madrid, España] :
_bAlba Editorial,
_c2013
300 _a178 páginas
490 _aNovela negra
650 _aThriller & Suspense
856 _uhttps://public.digitaliapublishing.com/a/38383
942 _cCF
999 _c86413
_d86413